| 000 | 00468nam a2200169 a 4500 | ||
|---|---|---|---|
| 005 | 20140412111425.0 | ||
| 008 | 090627s19uu xx 00 eng d | ||
| 020 | _a0-439-64021-0 | ||
| 050 |
_aTR(PS E _bKi64 2004 |
||
| 100 | _aAndreae, Giles | ||
| 245 |
_aK is for Kissing a cool Kangaroo / _cGiles Andreae. |
||
| 260 |
_aU.S.A : _bScholastic, _c2004. |
||
| 300 | _a1v. unp. | ||
| 650 | _aAlphabet - Rhyming words | ||
| 700 | _aRees, Guy Parker | ||
| 999 |
_c106205 _d106205 |
||